| 000 | 00361nam a2200157Ia 4500 | ||
|---|---|---|---|
| 001 | 4006 | ||
| 003 | IN-NITTTR | ||
| 005 | 20251114232954.0 | ||
| 008 | 251113s9999||||xx |||||||||||||| ||eng|| | ||
| 040 | _beng | ||
| 040 | _cIN-NITTTR | ||
| 041 | _aeng | ||
| 082 | _a624.183 C332P | ||
| 245 | 0 | _aProceedings of a symposium on concrete quality / | |
| 942 |
_2ddc _cBK |
||
| 999 |
_c6453 _d6453 |
||